000 00661nas a2200229 4500
001 BR8006403
003 BR-BrBNA
005 20231205084419.0
007 ta
008 230509b bl.|||p| |||| 00| 00por d
040 _aBR-BrBNA
_bpor
_cBiblioteca Nacional de Agricultura
041 _a(Pt)
072 _aL72
100 1 _aRodrigues, I.
245 1 _aCombate ao morcego Hematofago [Rio Grande do Sul, Brasil]
650 _aERRADICACAO
650 _aMORCEGO HEMATOFAGO
650 _aRIO GRANDE DO SUL
773 0 _tLavoura Pecuaria (Brazil)
_x
_g(Oct 1980), v. 3(13) p. 11
_wBR8006403
909 _a202311
_bLúcia
_c55
_dLúcia Elande
942 _2AGRIS
_n0
_cANA
999 _c105063
_d105063